[Event "GER-chT Laender Seniors 65+"]
[Site "Templin"]
[Date "2018.09.14"]
[Round "5.4"]
[White "Gerstenberger, Heinz"]
[Black "Eichner, Christian"]
[Result "0-1"]
[WhiteElo "2113"]
[BlackElo "2070"]
[PlyCount "101"]
[EventDate "2018.09.10"]
[EventType "team-swiss"]
[EventRounds "7"]
[EventCountry "GER"]
[SourceTitle "EXT 2020"]
[Source "ChessBase"]
[SourceDate "2019.10.17"]
[SourceVersion "1"]
[SourceVersionDate "2019.10.17"]
[SourceQuality "1"]
[WhiteTeam "Wuerttemberg"]
[BlackTeam "Sachsen"]
[WhiteTeamCountry "GER"]
[BlackTeamCountry "GER"]

1. d4 Nf6 2. c4 g6 3. Nc3 d5 4. Nf3 Bg7 5. cxd5 Nxd5 6. e4 Nxc3 7. bxc3 c5 8. Be3 Qa5 9. Qd2 Nc6 10. Rb1 cxd4 11. cxd4 Qxd2+ 12. Kxd2 0-0 13. d5 Rd8 14. Bd3 Na5 15. Ke2 b6 16. Rhc1 e6 17. Bg5 f6 18. Bd2 exd5 19. exd5 Rxd5 20. Be4 Ba6+ 21. Kd1 Rxd2+ 22. Nxd2 Rd8 23. Rb4 Bf8 24. Ra4 Bh6 25. Rc2 f5 26. Bf3 Bb5 27. Rh4 Bg5 28. Rb4 Bd3 29. Rc7 Be4 30. Rb2 Bf6 31. Rb4 Bg5 32. Rb2 Bf4 33. Rc1 Bxf3+ 34. gxf3 b5 35. Rxb5 Rxd2+ 36. Ke1 Rxa2 37. Rcc5 Kg7 38. Kf1 Bd2 39. Rc7+ Kf6 40. Rxa7 Kg5 41. Rxh7 Nc6 42. h4+ Kf4 43. h5 g5 44. Rd7 Kxf3 45. Rxf5+ Bf4 46. Rd1 Rxf2+ 47. Kg1 Re2 48. Rd3+ Kg4 49. Rfd5 Nb4 50. h6 Nxd3 51. Rxd3 0-1

[Event "GER-chT Laender Seniors 65+"]
[Site "Templin"]
[Date "2018.09.13"]
[Round "4.4"]
[White "Oechslein, Rainer"]
[Black "Gerstenberger, Heinz"]
[Result "1-0"]
[WhiteElo "2214"]
[BlackElo "2113"]
[PlyCount "89"]
[EventDate "2018.09.10"]
[EventType "team-swiss"]
[EventRounds "7"]
[EventCountry "GER"]
[SourceTitle "EXT 2020"]
[Source "ChessBase"]
[SourceDate "2019.10.17"]
[SourceVersion "1"]
[SourceVersionDate "2019.10.17"]
[SourceQuality "1"]
[WhiteTeam "Bayern"]
[BlackTeam "Wuerttemberg"]
[WhiteTeamCountry "GER"]
[BlackTeamCountry "GER"]

1. e4 c5 2. Nf3 a6 3. c4 e6 4. Nc3 Qc7 5. Be2 Nf6 6. 0-0 d6 7. d4 cxd4 8. Nxd4 b6 9. Be3 Bb7 10. f3 Be7 11. Rc1 0-0 12. Qe1 Nbd7 13. Qf2 Rab8 14. Rfd1 Ba8 15. b4 Ne5 16. Na4 Qd7 17. b5 Rfc8 18. Nb3 axb5 19. cxb5 Rxc1 20. Nxc1 Qc7 21. Nxb6 Qc2 22. a4 Rxb6 23. Bxb6 Qxa4 24. Qd4 Qc2 25. Qd2 Qc8 26. Bd4 Ned7 27. Nb3 e5 28. Bf2 d5 29. Rc1 Qf8 30. exd5 Bxd5 31. Bc4 Bb7 32. Na5 Bb4 33. Qa2 Bxa5 34. Qxa5 Qb8 35. Bd3 g6 36. Qa7 Qd6 37. Qxb7 Qxd3 38. Qc8+ Kg7 39. b6 e4 40. Qc3 Qb5 41. Bd4 Qg5 42. fxe4 Kg8 43. Rf1 Nxe4 44. Qc8+ Nf8 45. b7 1-0

[Event "GER-chT Laender Seniors 65+"]
[Site "Templin"]
[Date "2018.09.12"]
[Round "2.4"]
[White "Gerstenberger, Heinz"]
[Black "Jentsch, Dieter"]
[Result "1-0"]
[WhiteElo "2113"]
[BlackElo "2093"]
[PlyCount "65"]
[EventDate "2018.09.10"]
[EventType "team-swiss"]
[EventRounds "7"]
[EventCountry "GER"]
[SourceTitle "EXT 2020"]
[Source "ChessBase"]
[SourceDate "2019.10.17"]
[SourceVersion "1"]
[SourceVersionDate "2019.10.17"]
[SourceQuality "1"]
[WhiteTeam "Wuerttemberg"]
[BlackTeam "Niedersachsen"]
[WhiteTeamCountry "GER"]
[BlackTeamCountry "GER"]

1. d4 d5 2. c4 e6 3. Nf3 Nf6 4. g3 c6 5. Bg2 Nbd7 6. Qc2 Bd6 7. Nc3 0-0 8. Nd2 Re8 9. 0-0 h6 10. e4 dxe4 11. Ndxe4 Bc7 12. Rd1 Nxe4 13. Nxe4 Nf6 14. Nc3 Qe7 15. b3 Rb8 16. a4 e5 17. Ba3 Qe6 18. d5 cxd5 19. cxd5 Qf5 20. Qxf5 Bxf5 21. Nb5 Bb6 22. Nd6 Bc2 23. Nxe8 Rxe8 24. Rd2 Bxb3 25. Bb2 Nd7 26. d6 Ba5 27. Re2 Bc4 28. Rc2 Bd3 29. Rcc1 e4 30. Bd4 Re6 31. Rc8+ Kh7 32. Bh3 Rxd6 33. Bf5+ 1-0

[Event "GER-chT Seniors 26th"]
[Site "Templin"]
[Date "2017.09.25"]
[Round "1.4"]
[White "Gerstenberger, Heinz"]
[Black "Westphal, Norbert"]
[Result "1/2-1/2"]
[WhiteElo "2119"]
[BlackElo "1947"]
[PlyCount "123"]
[EventDate "2017.09.25"]
[EventType "team-swiss"]
[EventRounds "7"]
[EventCountry "GER"]
[SourceTitle "EXT 2019"]
[Source "ChessBase"]
[SourceDate "2018.10.10"]
[SourceVersion "1"]
[SourceVersionDate "2018.10.10"]
[SourceQuality "1"]
[WhiteTeam "Wuerttemberg"]
[BlackTeam "Sachsen II"]
[WhiteTeamCountry "GER"]
[BlackTeamCountry "GER"]

1. d4 Nf6 2. c4 e6 3. g3 Bb4+ 4. Bd2 c5 5. Bxb4 cxb4 6. Bg2 d5 7. Nf3 Nc6 8. Nbd2 0-0 9. 0-0 b6 10. a3 a5 11. Ne5 Nxd4 12. axb4 Qd6 13. Nd3 Ba6 14. bxa5 dxc4 15. Nf4 Rad8 16. axb6 Qxb6 17. Qa4 Nxe2+ 18. Nxe2 Rxd2 19. Qxa6 Qxa6 20. Rxa6 Rxe2 21. Rc6 Rxb2 22. Rxc4 Rd8 23. Rfc1 h5 24. Rc8 Rbd2 25. Bf3 g6 26. Kg2 Kf8 27. Rxd8+ Rxd8 28. Rc7 Nd5 29. Ra7 Ke8 30. h4 Rd7 31. Ra8+ Ke7 32. Ra6 Kf6 33. Rc6 Ne7 34. Rc2 Rd4 35. Ra2 Nf5 36. Rb2 e5 37. Rb6+ Kg7 38. Rb2 e4 39. Be2 Nd6 40. Rc2 Kf6 41. Ra2 Ke5 42. Ra5+ Rd5 43. Ra2 Rc5 44. Rb2 Rc3 45. Ra2 f5 46. Ra5+ Ke6 47. Ra2 Rc8 48. Rb2 Rf8 49. f3 Rc8 50. fxe4 Nxe4 51. Bf3 Rd8 52. Rb6+ Rd6 53. Rxd6+ Kxd6 54. Bd1 Nc5 55. Kf3 Ke5 56. Be2 Ne6 57. Bd3 g5 58. hxg5 Nxg5+ 59. Kg2 Ne4 60. Be2 Nf6 61. Kh3 Ke4 62. Kh4 1/2-1/2

[Event "Baden Wuerttemberg-ch Seniors op 3rd"]
[Site "Freudenstadt"]
[Date "2017.07.05"]
[Round "6"]
[White "Gerstenberger, Heinz"]
[Black "Haubt, Georg"]
[Result "1/2-1/2"]
[WhiteElo "2102"]
[BlackElo "2179"]
[PlyCount "110"]
[EventDate "2017.06.30"]
[EventType "swiss"]
[EventRounds "9"]
[EventCountry "GER"]
[SourceTitle "EXT 2019"]
[Source "ChessBase"]
[SourceDate "2018.10.10"]
[SourceVersion "1"]
[SourceVersionDate "2018.10.10"]
[SourceQuality "1"]

1. d4 f5 2. Nf3 b6 3. g3 Bb7 4. Bg2 Nf6 5. c4 e6 6. 0-0 c5 7. Nc3 cxd4 8. Nxd4 Bxg2 9. Kxg2 Be7 10. Bf4 0-0 11. Ndb5 Nc6 12. Bd6 Ne8 13. Bxe7 Qxe7 14. b3 Rd8 15. Qd2 f4 16. Rad1 Qg5 17. Nd4 Nxd4 18. Qxd4 Kh8 19. Ne4 Qh5 20. f3 d5 21. cxd5 exd5 22. Qb4 Nf6 23. Nf2 fxg3 24. hxg3 Qe5 25. Rd2 d4 26. Rfd1 Nd5 27. Ng4 Qxe2+ 28. Rxe2 Nxb4 29. Ne5 Nd5 30. Nc6 d3 31. Re6 Nc3 32. Nxd8 Nxd1 33. Rd6 Nb2 34. f4 h5 35. Kf3 Kg8 36. Ke3 Re8+ 37. Ne6 Kf7 38. f5 Ke7 39. Rc6 Kd7 40. Rc7+ Kd6 41. Rxg7 Ke5 42. Kd2 Kxf5 43. Nf4 h4 44. Rf7+ Kg4 45. gxh4 Rc8 46. Ke3 Re8+ 47. Kd2 a5 48. h5 Kg5 49. Nxd3 Rd8 50. Rf3 Kxh5 51. Kc2 Nxd3 52. Rxd3 Rc8+ 53. Rc3 Rg8 54. a4 Rg5 55. Rc6 b5 1/2-1/2

[Event "GER-chT Seniors 25th"]
[Site "Magdeburg"]
[Date "2016.10.14"]
[Round "6.24"]
[White "Gerstenberger, Heinz"]
[Black "Fischer, Gerd"]
[Result "1/2-1/2"]
[WhiteElo "2083"]
[BlackElo "2090"]
[PlyCount "109"]
[EventDate "2016.10.09"]
[EventType "team-swiss"]
[EventRounds "7"]
[EventCountry "GER"]
[SourceTitle "EXT 2019"]
[Source "ChessBase"]
[SourceDate "2018.10.10"]
[SourceVersion "1"]
[SourceVersionDate "2018.10.10"]
[SourceQuality "1"]
[WhiteTeam "Wuerttemberg II"]
[BlackTeam "Bayern II"]
[WhiteTeamCountry "GER"]
[BlackTeamCountry "GER"]

1. d4 d5 2. c4 c6 3. Nf3 Nf6 4. Nbd2 Bf5 5. g3 e6 6. Bg2 Nbd7 7. b3 Be7 8. Bb2 0-0 9. 0-0 h6 10. Ne1 a5 11. Nd3 Re8 12. Ne5 Nxe5 13. dxe5 Nd7 14. e4 dxe4 15. Nxe4 Bxe4 16. Bxe4 f5 17. exf6 Bxf6 18. Rb1 Bxb2 19. Rxb2 Qf6 20. Rd2 Nc5 21. Bb1 Rad8 22. Rd6 Qe7 23. Rxd8 Rxd8 24. Qh5 e5 25. Re1 e4 26. Qg4 Re8 27. Kg2 Qe5 28. Re2 Re6 29. Bxe4 Nxe4 30. f3 Qd6 31. fxe4 Re8 32. Qf4 Qd4 33. e5 Qd7 34. h4 Qe6 35. Qd4 Qf5 36. Qe4 Qe6 37. c5 Rd8 38. Kh2 Rd5 39. Qc4 Kh8 40. Qc3 Kg8 41. Qc4 Kh8 42. Qc3 Kh7 43. Qc4 Kg8 44. a3 Kh8 45. b4 axb4 46. axb4 Kh7 47. Qe4+ Kg8 48. Qc4 Kh7 49. g4 Kg8 50. Kg3 Kh8 51. Re3 Kg8 52. Qf4 Rd1 53. Ra3 Re1 54. Re3 Rg1+ 55. Kh3 1/2-1/2

[Event "GER-chT Seniors 25th"]
[Site "Magdeburg"]
[Date "2016.10.11"]
[Round "3.8"]
[White "Weisenburger, Horst"]
[Black "Gerstenberger, Heinz"]
[Result "1/2-1/2"]
[WhiteElo "2152"]
[BlackElo "2083"]
[PlyCount "35"]
[EventDate "2016.10.09"]
[EventType "team-swiss"]
[EventRounds "7"]
[EventCountry "GER"]
[SourceTitle "EXT 2019"]
[Source "ChessBase"]
[SourceDate "2018.10.10"]
[SourceVersion "1"]
[SourceVersionDate "2018.10.10"]
[SourceQuality "1"]
[WhiteTeam "Wuerttemberg"]
[BlackTeam "Wuerttemberg II"]
[WhiteTeamCountry "GER"]
[BlackTeamCountry "GER"]

1. e4 g6 2. d4 Bg7 3. Be3 c5 4. Nc3 cxd4 5. Bxd4 Nf6 6. e5 Ng8 7. f4 Nc6 8. Bf2 Nh6 9. Qd2 0-0 10. 0-0-0 Qa5 11. Bc4 Ng4 12. h3 Nxf2 13. Qxf2 d6 14. exd6 Bxc3 15. dxe7 Nxe7 16. bxc3 Qxc3 17. Qd4 Qa3+ 18. Kb1 1/2-1/2

[Event "Stuttgart-chA int"]
[Site "Ditzingen"]
[Date "2016.05.08"]
[Round "7"]
[White "Neyman, Igor"]
[Black "Gerstenberger, Heinz"]
[Result "1-0"]
[WhiteElo "2262"]
[BlackElo "2101"]
[PlyCount "73"]
[EventDate "2016.05.05"]
[EventType "swiss"]
[EventRounds "7"]
[EventCountry "GER"]
[SourceTitle "EXT 2018"]
[Source "ChessBase"]
[SourceDate "2017.10.13"]
[SourceVersion "1"]
[SourceVersionDate "2017.10.13"]
[SourceQuality "1"]

1. d4 g6 2. e4 Bg7 3. Nf3 d6 4. h3 Nf6 5. Bd3 c5 6. c3 0-0 7. 0-0 Nc6 8. d5 Ne5 9. Bc2 Nxf3+ 10. Qxf3 a6 11. a4 b6 12. c4 Bd7 13. Nc3 Rb8 14. Bd3 Ne8 15. Qe2 e6 16. dxe6 fxe6 17. f4 Qh4 18. Kh2 Nc7 19. g3 Qf6 20. Bd2 Bc6 21. Rad1 Rbd8 22. h4 d5 23. e5 Qf7 24. b3 Ra8 25. Ra1 Bd7 26. Bc2 Rab8 27. Rfe1 Rfd8 28. Bd3 Ra8 29. Bc1 Bf8 30. g4 Kh8 31. Kg3 Bg7 32. Rh1 h5 33. Rg1 Rg8 34. Kh3 Bh6 35. Rf1 Be8 36. Qf3 Rg7 37. g5 1-0

[Event "Stuttgart-chA int"]
[Site "Ditzingen"]
[Date "2016.05.07"]
[Round "6"]
[White "Gerstenberger, Heinz"]
[Black "Kessler, Andreas"]
[Result "1/2-1/2"]
[WhiteElo "2101"]
[BlackElo "2128"]
[PlyCount "97"]
[EventDate "2016.05.05"]
[EventType "swiss"]
[EventRounds "7"]
[EventCountry "GER"]
[SourceTitle "EXT 2018"]
[Source "ChessBase"]
[SourceDate "2017.10.13"]
[SourceVersion "1"]
[SourceVersionDate "2017.10.13"]
[SourceQuality "1"]

1. d4 Nf6 2. c4 g6 3. Nc3 d5 4. Nf3 Bg7 5. cxd5 Nxd5 6. e4 Nxc3 7. bxc3 0-0 8. Be3 b6 9. Qd2 Bb7 10. Bd3 Nd7 11. Bh6 e5 12. 0-0 Qe7 13. Rfe1 Rfe8 14. Bb5 Rad8 15. Rad1 c6 16. Bc4 b5 17. Bb3 c5 18. d5 c4 19. Bc2 Bxh6 20. Qxh6 Nf8 21. Rb1 Ba6 22. Rb4 Rb8 23. Reb1 Qd6 24. Qe3 Rb6 25. a4 Reb8 26. Nd2 Nd7 27. axb5 Bxb5 28. Ra1 Qc7 29. h4 a6 30. Qe2 Rc8 31. Qe3 Kg7 32. h5 h6 33. Bd1 Ra8 34. Rab1 Rf6 35. Ra1 Nb6 36. Qg3 Re8 37. Nf3 Qc5 38. Rb2 Qd6 39. Nh4 Kh7 40. hxg6+ fxg6 41. Bg4 Na4 42. Rba2 Nc5 43. Re2 Nb3 44. Rb1 a5 45. Nf3 Rf4 46. Be6 a4 47. Nh4 Rf6 48. Nf3 Rf4 49. Nh4 1/2-1/2

[Event "Stuttgart-chA int"]
[Site "Ditzingen"]
[Date "2016.05.07"]
[Round "5"]
[White "Martin, Dennis"]
[Black "Gerstenberger, Heinz"]
[Result "0-1"]
[WhiteElo "1928"]
[BlackElo "2101"]
[PlyCount "42"]
[EventDate "2016.05.05"]
[EventType "swiss"]
[EventRounds "7"]
[EventCountry "GER"]
[SourceTitle "EXT 2018"]
[Source "ChessBase"]
[SourceDate "2017.10.13"]
[SourceVersion "1"]
[SourceVersionDate "2017.10.13"]
[SourceQuality "1"]

1. e4 c5 2. Nf3 a6 3. b3 d6 4. d4 cxd4 5. Nxd4 Nf6 6. Bd3 g6 7. Bb2 Bg7 8. 0-0 0-0 9. Nd2 Qc7 10. c4 Nc6 11. Nc2 d5 12. f4 dxe4 13. Nxe4 Nxe4 14. Bxg7 Rd8 15. Be5 Nxe5 16. fxe5 Qc5+ 17. Kh1 Nf2+ 18. Rxf2 Qxf2 19. Qf1 Qxf1+ 20. Bxf1 Rd2 21. Ne3 Be6 0-1

[Event "Stuttgart-chA int"]
[Site "Ditzingen"]
[Date "2016.05.06"]
[Round "3"]
[White "Schallner, Marc"]
[Black "Gerstenberger, Heinz"]
[Result "1-0"]
[WhiteElo "1975"]
[BlackElo "2101"]
[PlyCount "47"]
[EventDate "2016.05.05"]
[EventType "swiss"]
[EventRounds "7"]
[EventCountry "GER"]
[SourceTitle "EXT 2018"]
[Source "ChessBase"]
[SourceDate "2017.10.13"]
[SourceVersion "1"]
[SourceVersionDate "2017.10.13"]
[SourceQuality "1"]

1. e4 c5 2. Nf3 a6 3. c3 d5 4. exd5 Qxd5 5. d4 Nf6 6. Nbd2 e6 7. Nc4 Nbd7 8. Be2 Be7 9. 0-0 0-0 10. Nfe5 cxd4 11. Bf3 Qc5 12. cxd4 Qc7 13. Bf4 Nxe5 14. Nxe5 Qb6 15. Nc4 Qd8 16. Qb3 Nd7 17. Rac1 Ra7 18. Nd6 Bxd6 19. Bxd6 Re8 20. Rc7 Nf6 21. Be5 Nd5 22. Bxd5 Qxd5 23. Qg3 g6 24. Qf4 1-0

[Event "Stuttgart-chA int"]
[Site "Ditzingen"]
[Date "2016.05.05"]
[Round "2"]
[White "Gerstenberger, Heinz"]
[Black "Lebiedz, Oliver"]
[Result "1-0"]
[WhiteElo "2101"]
[BlackElo "1914"]
[PlyCount "49"]
[EventDate "2016.05.05"]
[EventType "swiss"]
[EventRounds "7"]
[EventCountry "GER"]
[SourceTitle "EXT 2018"]
[Source "ChessBase"]
[SourceDate "2017.10.13"]
[SourceVersion "1"]
[SourceVersionDate "2017.10.13"]
[SourceQuality "1"]

1. b3 e5 2. Bb2 Nc6 3. e3 d5 4. Bb5 Bd6 5. f4 f6 6. Qh5+ g6 7. Qh4 Bd7 8. Nc3 Nce7 9. fxe5 fxe5 10. Bxd7+ Qxd7 11. Nf3 0-0-0 12. 0-0-0 Nf5 13. Qh3 Nf6 14. e4 dxe4 15. Ng5 Nd4 16. Nf7 Nf5 17. Nxh8 g5 18. g4 Nh4 19. Qe3 Nxg4 20. Qxa7 c6 21. Nxe4 Bb8 22. Qa8 Rxh8 23. h3 Qd5 24. hxg4 Qxe4 25. Rhe1 1-0

[Event "Stuttgart-chA op"]
[Site "Ditzingen"]
[Date "2015.05.17"]
[Round "7"]
[White "Denisow, Jewgeny"]
[Black "Gerstenberger, Heinz"]
[Result "1-0"]
[WhiteElo "2170"]
[BlackElo "2129"]
[PlyCount "59"]
[EventDate "2015.05.14"]
[EventType "swiss"]
[EventRounds "7"]
[EventCountry "GER"]
[SourceTitle "EXT 2018"]
[Source "ChessBase"]
[SourceDate "2017.10.13"]
[SourceVersion "1"]
[SourceVersionDate "2017.10.13"]
[SourceQuality "1"]

1. e4 b6 2. d4 Bb7 3. Nd2 e6 4. Ngf3 g6 5. h4 h6 6. Bd3 Bg7 7. c3 Ne7 8. 0-0 d6 9. Nc4 Nd7 10. h5 g5 11. Nh2 e5 12. d5 f5 13. exf5 Bxd5 14. Ne3 Bb7 15. Bc4 Nf6 16. Nhg4 Nxg4 17. Nxg4 Nxf5 18. Be6 Rf8 19. Qc2 Nh4 20. Ne3 c6 21. b3 Qf6 22. Bg4 Bc8 23. Qe4 Bd7 24. Ba3 Rf7 25. Bxd7+ Kxd7 26. Rad1 Bf8 27. Ng4 Qf4 28. Nxe5+ Ke6 29. Qxc6 Rd8 30. Qd5+ 1-0

[Event "Stuttgart-chA op"]
[Site "Ditzingen"]
[Date "2015.05.15"]
[Round "4"]
[White "Gerstenberger, Heinz"]
[Black "Boyens, Birger"]
[Result "1-0"]
[WhiteElo "2129"]
[BlackElo "1997"]
[PlyCount "65"]
[EventDate "2015.05.14"]
[EventType "swiss"]
[EventRounds "7"]
[EventCountry "GER"]
[SourceTitle "EXT 2018"]
[Source "ChessBase"]
[SourceDate "2017.10.13"]
[SourceVersion "1"]
[SourceVersionDate "2017.10.13"]
[SourceQuality "1"]

1. b3 c5 2. Bb2 Nc6 3. Nf3 d6 4. d4 cxd4 5. Nxd4 Bd7 6. c4 Nxd4 7. Qxd4 e5 8. Qd2 Nf6 9. Nc3 a5 10. e3 Be7 11. Be2 Bc6 12. 0-0 0-0 13. Rfd1 Qb6 14. Rab1 Nd7 15. Ba3 Nc5 16. Nd5 Bxd5 17. Qxd5 Qc7 18. Bf3 Rab8 19. Bxc5 dxc5 20. Qd7 Rfc8 21. Rd5 Bf6 22. Qf5 Qb6 23. Rd7 g6 24. Qh3 a4 25. Bd5 Rf8 26. Qf3 axb3 27. Rxb3 Qa5 28. h4 Kg7 29. h5 Qxa2 30. Rb6 Bg5 31. Rxf7+ Rxf7 32. Qxf7+ Kh8 33. Rxb7 1-0

[Event "Stuttgart-chA op"]
[Site "Ditzingen"]
[Date "2015.05.15"]
[Round "3"]
[White "Sand, Rolf"]
[Black "Gerstenberger, Heinz"]
[Result "1/2-1/2"]
[WhiteElo "1969"]
[BlackElo "2129"]
[PlyCount "27"]
[EventDate "2015.05.14"]
[EventType "swiss"]
[EventRounds "7"]
[EventCountry "GER"]
[SourceTitle "EXT 2018"]
[Source "ChessBase"]
[SourceDate "2017.10.13"]
[SourceVersion "1"]
[SourceVersionDate "2017.10.13"]
[SourceQuality "1"]

1. c4 e5 2. g3 Nc6 3. Nc3 f5 4. Nf3 e4 5. Nh4 d6 6. d3 Be7 7. Ng2 exd3 8. Qxd3 Nf6 9. Nf4 0-0 10. b3 Ne5 11. Qc2 c6 12. Bg2 Qa5 13. Bd2 Qc7 14. Bc1 1/2-1/2

[Event "GER-chT Seniors 23rd"]
[Site "Bergen"]
[Date "2014.09.07"]
[Round "7.2"]
[White "Gerstenberger, Heinz"]
[Black "Ellenberg, Ekkehard"]
[Result "1/2-1/2"]
[WhiteElo "2118"]
[BlackElo "2106"]
[PlyCount "36"]
[EventDate "2014.09.01"]
[EventType "team-swiss"]
[EventRounds "7"]
[EventCountry "GER"]
[SourceTitle "EXT 2018"]
[Source "ChessBase"]
[SourceDate "2017.10.13"]
[SourceVersion "1"]
[SourceVersionDate "2017.10.13"]
[SourceQuality "1"]

1. d4 Nf6 2. c4 e6 3. Nf3 d5 4. e3 c6 5. Bd3 Nbd7 6. b3 Be7 7. Bb2 0-0 8. Nc3 Re8 9. 0-0 b6 10. Ne5 Nxe5 11. dxe5 Nd7 12. f4 Nf8 13. Qc2 f5 14. cxd5 cxd5 15. Rac1 Bc5 16. Qe2 Bb7 17. Nb5 Re7 18. Nd4 Rc7 1/2-1/2

[Event "GER-chT Seniors 23rd"]
[Site "Bergen"]
[Date "2014.09.03"]
[Round "3.1"]
[White "Felser, Franz"]
[Black "Gerstenberger, Heinz"]
[Result "0-1"]
[WhiteElo "2044"]
[BlackElo "2118"]
[PlyCount "38"]
[EventDate "2014.09.01"]
[EventType "team-swiss"]
[EventRounds "7"]
[EventCountry "GER"]
[SourceTitle "EXT 2018"]
[Source "ChessBase"]
[SourceDate "2017.10.13"]
[SourceVersion "1"]
[SourceVersionDate "2017.10.13"]
[SourceQuality "1"]

1. d4 e6 2. c4 b6 3. Nc3 Bb7 4. Nf3 Bb4 5. Qb3 a5 6. a3 a4 7. Qc2 Bxc3+ 8. Qxc3 f5 9. Bg5 Nf6 10. e3 0-0 11. Bd3 Qe8 12. 0-0-0 Ne4 13. Qc2 d6 14. Bf4 Nd7 15. h3 e5 16. dxe5 dxe5 17. Bh2 Nec5 18. Bxf5 Rxf5 19. Qxf5 Be4 0-1

[Event "GER-chT Seniors 21st"]
[Site "Berlin"]
[Date "2012.09.15"]
[Round "6.40"]
[White "Gerstenberger, Heinz"]
[Black "Mueller, Manfred"]
[Result "1/2-1/2"]
[WhiteElo "2016"]
[BlackElo "1895"]
[PlyCount "59"]
[EventDate "2012.09.10"]
[EventType "team-swiss"]
[EventRounds "7"]
[EventCountry "GER"]
[SourceTitle "CBM 150 Extra"]
[Source "ChessBase"]
[SourceDate "2012.10.19"]
[SourceVersion "1"]
[SourceVersionDate "2012.10.19"]
[SourceQuality "1"]
[WhiteTeam "Wuerttemberg Seniors II"]
[BlackTeam "DBSB Seniors"]
[WhiteTeamCountry "GER"]
[BlackTeamCountry "GER"]

1. d4 d5 2. Bg5 c6 3. Nf3 Qb6 4. Qc1 Nd7 5. e3 Ngf6 6. Nbd2 Ne4 7. Nxe4 dxe4 8. Nd2 h6 9. Bf4 g5 10. Bg3 Nf6 11. Be5 Bf5 12. Be2 Rg8 13. c3 Nd7 14. Bg3 Bg7 15. h4 g4 16. h5 c5 17. d5 Ne5 18. Bxe5 Bxe5 19. Nc4 Qc7 20. Nxe5 Qxe5 21. Bb5+ Bd7 22. Bxd7+ Kxd7 23. Qc2 Kc7 24. 0-0-0 Rad8 25. Qa4 Kb8 26. Qc4 b6 27. g3 Rd6 28. Rd2 Rgd8 29. Rhd1 Kb7 30. a4 1/2-1/2

[Event "GER-chT Seniors 21st"]
[Site "Berlin"]
[Date "2012.09.10"]
[Round "1.1"]
[White "Isserman, Ryhor"]
[Black "Gerstenberger, Heinz"]
[Result "1-0"]
[WhiteElo "2273"]
[BlackElo "2016"]
[PlyCount "83"]
[EventDate "2012.09.10"]
[EventType "team-swiss"]
[EventRounds "7"]
[EventCountry "GER"]
[SourceTitle "CBM 150 Extra"]
[Source "ChessBase"]
[SourceDate "2012.10.19"]
[SourceVersion "1"]
[SourceVersionDate "2012.10.19"]
[SourceQuality "1"]
[WhiteTeam "Hessen Seniors"]
[BlackTeam "Wuerttemberg Seniors II"]
[WhiteTeamCountry "GER"]
[BlackTeamCountry "GER"]

1. e4 e6 2. d3 d5 3. Nd2 c5 4. Ngf3 Nc6 5. g3 Bd6 6. Bg2 Nge7 7. 0-0 0-0 8. Re1 f6 9. Nh4 Qc7 10. f4 Rb8 11. Nhf3 b5 12. Qe2 Qb6 13. Kh1 c4 14. Nf1 Bd7 15. c3 Rbd8 16. Be3 Qb8 17. Rad1 Na5 18. e5 fxe5 19. fxe5 Bc7 20. d4 Rde8 21. Nh4 b4 22. Bf4 Nac6 23. Ne3 Ba5 24. Qc2 Qb6 25. Rb1 Rb8 26. Rf1 Rf7 27. a3 bxa3 28. bxa3 Qc7 29. Nf3 h6 30. h4 Rxb1 31. Rxb1 Qd8 32. Nh2 Bb6 33. Nhg4 Qf8 34. Rf1 Nf5 35. Nxf5 Rxf5 36. Ne3 Rf7 37. Nxd5 Kh8 38. Ne3 Qxa3 39. Nxc4 Qf8 40. Nd6 Be8 41. Nxf7+ Bxf7 42. Bxc6 1-0

[Event "Oberliga Wuerttemberg 1112"]
[Site "Wuerttemberg"]
[Date "2012.03.18"]
[Round "8.7"]
[White "Gerstenberger, Heinz"]
[Black "Preuss, Heiko"]
[Result "1/2-1/2"]
[WhiteElo "2163"]
[BlackElo "2237"]
[PlyCount "33"]
[EventDate "2011.10.09"]
[EventType "team-tourn"]
[EventRounds "9"]
[EventCountry "GER"]
[SourceTitle "EXT 2019"]
[Source "ChessBase"]
[SourceDate "2018.10.10"]
[SourceVersion "1"]
[SourceVersionDate "2018.10.10"]
[SourceQuality "1"]
[WhiteTeam "Stuttgart SF II"]
[BlackTeam "Ulm Post"]
[WhiteTeamCountry "GER"]
[BlackTeamCountry "GER"]

1. b3 d5 2. Bb2 Nf6 3. e3 g6 4. c4 Bg7 5. cxd5 Qxd5 6. Nc3 Qa5 7. Nf3 0-0 8. Be2 Rd8 9. 0-0 Na6 10. d4 c5 11. Qc1 Bf5 12. Bxa6 bxa6 13. Na4 cxd4 14. Nxd4 Rdc8 15. Bc3 Qd5 16. Nxf5 Qxf5 17. Qd1 1/2-1/2

[Event "Oberliga Wuerttemberg 1112"]
[Site "Wuerttemberg"]
[Date "2012.02.05"]
[Round "6.7"]
[White "Gerstenberger, Heinz"]
[Black "Hehn, Hartmut"]
[Result "1/2-1/2"]
[WhiteElo "2163"]
[BlackElo "2080"]
[PlyCount "81"]
[EventDate "2011.10.09"]
[EventType "team-tourn"]
[EventRounds "9"]
[EventCountry "GER"]
[SourceTitle "EXT 2019"]
[Source "ChessBase"]
[SourceDate "2018.10.10"]
[SourceVersion "1"]
[SourceVersionDate "2018.10.10"]
[SourceQuality "1"]
[WhiteTeam "Stuttgart SF II"]
[BlackTeam "Ebersbach"]
[WhiteTeamCountry "GER"]
[BlackTeamCountry "GER"]

1. b3 Nf6 2. Bb2 d5 3. e3 Bf5 4. f4 e6 5. Nf3 Nbd7 6. g3 Be7 7. Bg2 c5 8. 0-0 Rc8 9. d3 b5 10. a4 b4 11. Nbd2 h5 12. Qe2 0-0 13. e4 Bh7 14. Ng5 g6 15. Nxh7 Kxh7 16. f5 exf5 17. exf5 d4 18. fxg6+ fxg6 19. Rae1 Ng8 20. Qe6 Ndf6 21. Ne4 Qb6 22. Ng5+ Kh8 23. Qc4 Ng4 24. Rxf8 Rxf8 25. Ne6 Rf6 26. Nf4 Qd6 27. Bc1 h4 28. Re6 Rxe6 29. Qxe6 Qxe6 30. Nxe6 hxg3 31. hxg3 Bd6 32. Bf3 N8f6 33. Kg2 Kg8 34. Ng5 Ne5 35. Ne4 Nxe4 36. Bxe4 Kf7 37. Kh3 Kf6 38. Kh4 Nf7 39. Kg4 Ne5+ 40. Kh4 Nf7 41. Bd2 1/2-1/2